| 000 | 00501nam a2200181 i 4500 | ||
|---|---|---|---|
| 001 | 149878 | ||
| 003 | ES-MaACL | ||
| 005 | 20250724062613.0 | ||
| 007 | t| | ||
| 008 | 071024s1969 sp ||||1| spa d | ||
| 100 | 1 |
_aValladares Conde, Alejandro. _9112731 |
|
| 245 | 1 | 0 |
_aCultura general / _c[Alejandro Valladares]. |
| 260 |
_a[Madrid : _bs.n., _c1969] ( _fRealigral) |
||
| 300 |
_a152 p. ; _c24 cm. |
||
| 650 | 7 |
_aCultura _2embne _9170963 |
|
| 852 | 4 |
_aES-MaACL _jC-46710 |
|
| 999 |
_c149878 _d149878 |
||